000 00498cam a22002054a 4500
005 20250605164318.0
008 250528s ||||||||||||||||||||||||d
035 _a22784
020 _a9780071158008
040 _aGR-AtMCL
_bgre
_dGR-AtMCL
_eAACR2
245 1 _aINTERNATIONAL AND GLOBAL MARKETING
250 _a2
260 _bMcgraw Hill,
_c1998
300 _a438
700 1 _aGraham John L
_9752
700 1 _aMeloan Taylor W
_91599
942 _cBK
999 _c7829
_d7829